000 01022nas a2200325 4500
001 BR2013008813
003 BR-BrBNA
005 20231205123151.0
007 ta
008 230509b bl.|||p| |||| 00| 00por d
040 _aBR-BrBNA
_bpor
_cBiblioteca Nacional de Agricultura
041 _a(Pt)
072 _aU30; F03
100 1 _aMelo, P.R.B. de
100 1 _aOliveira, J.A.
100 1 _aCarvalho, M.L.M. de
100 1 _aGuimarães, R.M.
100 1 _aCarvalho, B. de O.
245 1 _aAplicação do teste de raios X no estudo da morfologia interna e da qualidade fisiológica de aquênios de arnica (Lychnophora pinaster Mart.)
650 _aARNICA
650 _aPLANTA MEDICINAL
650 _aSEMENTE
650 _aMATURAÇÃO
650 _aGERMINAÇÃO
650 _aEQUIPAMENTO
650 _aPESQUISA
773 0 _tRevista Brasileira de Sementes (Brazil)
_xISSN 0101-3122
_g(Jun 2009), v. 31(2) p. 146-154
_wBR2013008813
909 _a202311
_bLúcia
_c55
_dLúcia Elande
942 _2AGRIS
_n0
_cANA
999 _c232500
_d232500